00205nam a2200085Ia 4500008004100000100001800041245002900059260002200088260000900110170620s9999 xx 000 0 und d aMishra - S.N. 0aLabour & Industrial Laws bCentral Law Pub. c2014